| 000 | 00658nam a2200241Ia 4500 | ||
|---|---|---|---|
| 003 | OSt | ||
| 005 | 20140312093356.0 | ||
| 008 | 140130s9999 xx 000 0 und d | ||
| 020 | _a9780152010065 | ||
| 050 |
_aPS 3569.I39 _b.Si572 1998 |
||
| 100 | _aSierra, Judy. | ||
| 245 |
_cJudy Sierra. _aAntarctic Antics : _ba book of penguin poems / |
||
| 260 |
_bScholastic Inc., _c1998. _aSingapore : |
||
| 300 |
_a36 p. : _bcol. ill. ; _c30 cm. |
||
| 440 | _v1 | ||
| 521 | _aG3 | ||
| 526 | _c520 | ||
| 650 |
_aPenguins _xJuvenile poetry. |
||
| 650 | _aChildren’s poetry, American. | ||
| 650 |
_aPenguins _xPoetry. |
||
| 942 |
_cBK _2lcc |
||
| 999 |
_c41895 _d41895 |
||